| 000 | 00592nam a2200217Ia 4500 | ||
|---|---|---|---|
| 005 | 20250508170016.0 | ||
| 008 | 008 250505s9999 xx 000 0 hin d | ||
| 020 | _a978-93-88684-25-5 | ||
| 037 | _aTextual | ||
| 040 |
_aFEDL _beng _cFEDL |
||
| 041 |
_ahin _2hin |
||
| 084 |
_a305.8, RAV _qFEDL |
||
| 100 | _aRavi P Ed. | ||
| 245 | 0 | _aDalit sahitya: Samvedna ke aayam | |
| 260 |
_aNew Delhi, India _bVani Prakashan _c2019 |
||
| 300 | _a248p. | ||
| 365 |
_aINR _b7 |
||
| 700 |
_a Gopalkrishan V G Ed. _9782701 |
||
| 942 |
_cTEXL _h305.8, RAV |
||
| 999 |
_c1398661 _d1398661 |
||